త్వరగా లేఖించు: 1 నుండి 100కు సంఖ్యలు - Statistics

General Stats
  • This quiz has been taken 11 times
  • The average score is 75 of 100
Answer Stats
# % Correct
1/౧
100%
11/౧౧
100%
12/౧౨
100%
13/౧౩
100%
2/౨
100%
21/౨౧
100%
3/౩
100%
4/౪
100%
5/౫
100%
6/౬
100%
7/౭
100%
8/౮
100%
9/౯
100%
10/౧౦
90%
14/౧౪
90%
15/౧౫
90%
20/౨౦
90%
22/౨౨
90%
23/౨౩
90%
24/౨౪
90%
25/౨౫
90%
26/౨౬
90%
27/౨౭
90%
28/౨౮
90%
29/౨౯
90%
30/౩౦
90%
31/౩౧
90%
32/౩౨
90%
33/౩౩
90%
36/౩౬
90%
37/౩౭
90%
38/౩౮
90%
61/౬౧
90%
71/౭౧
90%
16/౧౬
80%
17/౧౭
80%
18/౧౮
80%
19/౧౯
80%
34/౩౪
80%
35/౩౫
80%
39/౩౯
80%
40/౪౦
80%
41/౪౧
80%
42/౪౨
80%
43/౪౩
80%
45/౪౫
80%
46/౪౬
80%
47/౪౭
80%
48/౪౮
80%
49/౪౯
80%
50/౫౦
80%
51/౫౧
80%
52/౫౨
80%
53/౫౩
80%
54/౫౪
80%
55/౫౫
80%
56/౫౬
80%
57/౫౭
80%
58/౫౮
80%
59/౫౯
80%
66/౬౬
80%
70/౭౦
80%
44/౪౪
70%
60/౬౦
70%
62/౬౨
70%
63/౬౩
70%
64/౬౪
70%
65/౬౫
70%
67/౬౭
70%
68/౬౮
70%
69/౬౯
70%
72/౭౨
70%
73/౭౩
70%
74/౭౪
60%
75/౭౫
60%
76/౭౬
60%
77/౭౭
60%
80/౮౦
60%
81/౮౧
60%
100/౧౦౦
50%
82/౮౨
50%
83/౮౩
50%
84/౮౪
50%
85/౮౫
50%
86/౮౬
50%
87/౮౭
50%
88/౮౮
50%
89/౮౯
50%
90/౯౦
50%
91/౯౧
50%
93/౯౩
50%
99/౯౯
50%
78/౭౮
40%
79/౭౯
40%
92/౯౨
40%
94/౯౪
40%
95/౯౫
40%
96/౯౬
40%
97/౯౭
40%
98/౯౮
40%
No matching quizzes found
Score Distribution
Percent of People with Each Score
Percentile by Number Answered
Your Score History
You have not taken this quiz